Suomen kunnat, jotka päättyvät kirjaimeen I - Statistics

Yleistilastot
  • Tätä visaa on pelattu 187 kertaa
    185 viimeisimmän päivityksen jälkeen
  • Keskiarvotulos 84 / 110
Vastaustilastot
Maakunta Kunta % Oikein
-NKI Uusimaa Helsinki
98%
muut Pohjois-Pohjanmaa Ii
98%
-NIEMI Lappi Rovaniemi
98%
-SALMI Pohjois-Savo Iisalmi
95%
muut -MI Lappi Kemi
95%
-NUMMI Uusimaa Kirkkonummi
95%
-LAHTI Päijät-Häme Lahti
95%
-JOKI Etelä-Pohjanmaa Seinäjoki
95%
muut -RI Satakunta Pori
93%
-NI Kainuu Kajaani
91%
-JOKI Pohjois-Pohjanmaa Kalajoki
89%
-JÄRVI Lappi Kemijärvi
89%
-LI Etelä-Savo Mikkeli
89%
-JOKI Pohjois-Pohjanmaa Pyhäjoki
86%
-JOKI Pohjois-Pohjanmaa Siikajoki
86%
-KOSKI Keski-Suomi Äänekoski
84%
-JÄRVI Etelä-Pohjanmaa Alajärvi
84%
-PPI Kanta-Häme Loppi
84%
-NIEMI Lappi Pelkosenniemi
84%
-MÄKI Kanta-Häme Riihimäki
84%
-JÄRVI Keski-Suomi Saarijärvi
84%
-SALMI Kainuu Suomussalmi
84%
-JOKI Lappi Utsjoki
84%
-JOKI Satakunta Eurajoki
82%
-SALMI Kainuu Hyrynsalmi
82%
muut -RI Lappi Inari
82%
-VESI Pirkanmaa Orivesi
82%
-SAARI Pohjanmaa Pietarsaari
82%
-JÄRVI Pohjois-Pohjanmaa Pyhäjärvi
82%
-JOKI Pohjois-Savo Suonenjoki
82%
-NKI Varsinais-Suomi Uusikaupunki
82%
-JÄRVI Pirkanmaa Ylöjärvi
82%
-VESI Pohjois-Pohjanmaa Haapavesi
80%
-SALMI Etelä-Savo Hirvensalmi
80%
muut -TI Päijät-Häme Iitti
80%
-MÄKI Satakunta Kokemäki
80%
muut -RI Pohjois-Karjala Liperi
80%
-LI Varsinais-Suomi Naantali
80%
-MÄKI Etelä-Savo Pieksämäki
80%
-KOSKI Pirkanmaa Valkeakoski
80%
-SAARI Keski-Suomi Viitasaari
80%
-LI Etelä-Pohjanmaa Vimpeli
80%
-JÄRVI Pohjois-Pohjanmaa Haapajärvi
77%
muut -RI Lappi Kolari
77%
-VESI Keski-Suomi Konnevesi
77%
-JÄRVI Etelä-Pohjanmaa Lappajärvi
77%
muut -MI Etelä-Karjala Lemi
77%
-JÄRVI Keski-Pohjanmaa Lestijärvi
77%
-JÄRVI Uusimaa Nurmijärvi
77%
-VESI Pohjois-Savo Pielavesi
77%
-KOSKI Lappi Savukoski
77%
-JÄRVI Pohjois-Savo Siilinjärvi
77%
-LI Keski-Pohjanmaa Veteli
77%
-JÄRVI Etelä-Pohjanmaa Evijärvi
75%
-JOKI Etelä-Pohjanmaa Isojoki
75%
-NIEMI Etelä-Savo Kangasniemi
75%
-NKI Pohjanmaa Kristiinankaupunki
75%
-JÄRVI Keski-Suomi Kyyjärvi
75%
-VESI Keski-Suomi Petäjävesi
75%
-LAMPI Pohjois-Savo Rautalampi
75%
-NIEMI Pohjois-Savo Tuusniemi
75%
-KOSKI Etelä-Savo Enonkoski
73%
-SALMI Keski-Suomi Hankasalmi
73%
-JOKI Pirkanmaa Juupajoki
73%
-JOKI Etelä-Pohjanmaa Kauhajoki
73%
-VESI Pohjois-Savo Kiuruvesi
73%
-LAHTI Pohjois-Savo Lapinlahti
73%
-MÄKI Etelä-Karjala Luumäki
73%
-LAHTI Pohjanmaa Maalahti
73%
-JÄRVI Pohjois-Karjala Polvijärvi
73%
-VESI Pirkanmaa Ruovesi
73%
muut -RI Etelä-Pohjanmaa Ähtäri
70%
-JOKI Etelä-Pohjanmaa Ilmajoki
70%
-JÄRVI Satakunta Jämijärvi
70%
-KOSKI Keski-Suomi Kannonkoski
70%
-JÄRVI Keski-Suomi Kivijärvi
70%
-LAHTI Pohjois-Karjala Kontiolahti
70%
-JÄRVI Pohjois-Pohjanmaa Merijärvi
70%
-JÄRVI Pohjois-Pohjanmaa Pudasjärvi
70%
-JÄRVI Etelä-Karjala Rautjärvi
70%
-JÄRVI Kainuu Ristijärvi
70%
-KOSKI Pohjois-Pohjanmaa Taivalkoski
70%
-LAHTI Kymenlaakso Virolahti
70%
-VESI Pohjois-Karjala Heinävesi
68%
muut -VI Pohjois-Savo Kaavi
68%
-JOKI Etelä-Pohjanmaa Karijoki
68%
-SAARI Varsinais-Suomi Kemiönsaari
68%
-SAARI Pohjanmaa Mustasaari
68%
-MÄKI Varsinais-Suomi Mynämäki
68%
-JÄRVI Pohjois-Pohjanmaa Reisjärvi
68%
muut -VI Pohjois-Pohjanmaa Sievi
68%
-JÄRVI Pohjois-Savo Sonkajärvi
68%
-JÄRVI Pohjois-Karjala Tohmajärvi
68%
-JÄRVI Pohjois-Pohjanmaa Utajärvi
68%
muut -SI Pohjois-Karjala Ilomantsi
66%
-MÄKI Pohjois-Pohjanmaa Kärsämäki
66%
-JÄRVI Uusimaa Lapinjärvi
66%
-JOKI Pohjois-Pohjanmaa Lumijoki
66%
-JOKI Päijät-Häme Padasjoki
66%
-SAARI Etelä-Karjala Taipalsaari
66%
-LAMPI Keski-Pohjanmaa Toholampi
66%
-LAHTI Pirkanmaa Vesilahti
66%
muut -TI Uusimaa Vihti
66%
muut -RI Pohjanmaa Vöyri
66%
muut -VI Varsinais-Suomi Kustavi
64%
-LAHTI Etelä-Karjala Ruokolahti
64%
-JÄRVI Kanta-Häme Hausjärvi
61%
muut -RI Uusimaa Raasepori
61%
-SALMI Etelä-Savo Rantasalmi
61%
-NI Etelä-Pohjanmaa Soini
61%
Ehtoja vastaavia visoja ei löytynyt
Tulosjakauma
Jokaisen tuloksen saaneiden osuus
Persentiili vastausten määrän mukaan
Tuloshistoriasi
Et ole pelannut tätä visaa sen viimeisimmän päivityksen jälkeen